| LEADER | 00768nam a2200265 a 4500 | ||
|---|---|---|---|
| 001 | 007775841-2 | ||
| 005 | 20030305120200.0 | ||
| 008 | 030217s1998 gw ab 001 0 ger d | ||
| 020 | |a 3893060790 | ||
| 024 | 3 | |a 9793893060794 | |
| 035 | 0 | |a ocm51657892 | |
| 040 | |a HLS |c HLS | ||
| 043 | |a e-gx--- | ||
| 050 | 4 | |a DD901.S97 |b F74 1998 | |
| 090 | |a DD901.S97 |b F74 1998 | ||
| 100 | 1 | |a Freier, Ute. | |
| 245 | 1 | 0 | |a Wirtshaus-Wanderungen Stuttgart und Umgebung / |c Ute und Peter Freier. |
| 260 | |a Weilheim, [Germany] : |b Stöppel Verlag, |c c1998. | ||
| 300 | |a 135 p. : |b col. ill., maps ; |c 20 cm. | ||
| 490 | 0 | |a Wandern ; |v 979 | |
| 500 | |a Includes index. | ||
| 651 | 0 | |a Stuttgart (Germany) |x Description and travel. | |
| 700 | 1 | |a Freier, Peter. | |
| 988 | |a 20030305 | ||
| 906 | |0 MH | ||


